000 00664nam a22002417a 4500
003 UA-OsUOA
001 52984
007 ta
008 20150915b un ||||| |||| 00| 0 ukr d
100 _aОлейко В.
090 _a82-1
_bО-53
942 _cBK
040 _aUA-OsUOA
_bukr
_cUA-OsUOA
_dUA-OsUOA
245 _aМегаполіс
300 _a80 с.
955 _a3
041 _aukr
080 _a82-1
260 _aК.
_bМолодь
_c1992
650 7 _a82 Література. Літературознавство
_2UDC
999 _c433109
_d433109